000 00562nam a22002057a 4500
003 BUBTL
008 230316b ||||| |||| 00| 0 eng d
082 _a821.309/ B9631e/ 1952
100 _95226
_aBush, Douglas
245 _aEnglish Poetry :
_bDouglas Bush
250 _a1st edn.
260 _aLondon
_bMethen & Com.Ltd.
_cc1952
300 _a[10], 222p. :
_b20 cm
500 _aIncludes Index.
650 0 _91994
_aEnglish Literature
700 _95226
_aBush, Douglas
856 _k0
_l0
_yDownload
942 _2ddc
_cBK
999 _c6982
_d6982